Statistics for Keeping Up Appearances - Quotes

Click here to take the quiz!

General Stats

  • This quiz has been taken 10 times
  • The average score is 6 of 15

Answer Stats

Answer% Correct
It's my sister Violet, the one with the swimming pool, sauna, and room for a {pony}
100%
The {Bucket} residence, the lady of the house speaking
89%
Why do you think people look so stunned at my {candlelight} suppers?
78%
Elizabeth do pass around my Royal Doulton with the hand-painted {periwinkles}
56%
What discourages me about looking for your father is we usually {find him}
44%
They're invited to my waterside supper with {riparian} entertainment
44%
They are my family and I love them dearly, especially at this time of year, when it {gets dark} early
33%
Listen, Daisy. Tell Onslow to put a shirt on while I'm on the telephone; I can always sense him there, {expanding}
33%
You can always tell {breeding}
33%
I should have thought postmen would be trained to recognise {first-class stamp} houses
22%
I want to return this ex-certificate up-to-no-good underwear that was left in errror at the charity shop; I know this is the right address because you left a {poll tax demand} in the bag
22%
How fares the church worldwide then, vicar? For instance, what is the {missionary} position in China these days?
22%
If there's one thing that distinguishes us from other people, it's the absence of {vulgar noises}
11%
Of course Daddy’s not missing, I expect he’s just {mislaid}
11%
I'm here for charitable purposes, otherwise I wouldn't be seen dead in a {distorting mirror}
11%

Score Distribution

Percentile by Number Answered

Percent of People with Each Score

Your Score History

You have not taken this quiz